000 00764nam a2200217 i 4500
001 bg
110 2 _aAkademicki Związek Sportowy (Zakopane).
245 7 0 _a50 [pięćdziesiąt] lat Akademickiego Związku Sportowego w Zakopanem :
_bludzie, fakty, cyfry, sukcesy, porażki, wspomnienia, anegdoty /
_c[oprac. Stefan Dziedzic et. al.].
260 _a[Zakopane :
_bAZS,
_c1999].
300 _a324 s. :
_bfot., rys. ;
_c24 cm.
610 2 9 _aAkademicki Związek Sportowy
651 9 _aZakopane
_xsport
_xorganizacje
_xhistoria
_yod 1944 r
700 1 _aDZIEDZIC, Stefan.
_eOprac.
020 _a8391162400
040 _cBPK
041 0 _apl
080 _a796:061.2(438)"1944"
920 _a83-911624-0-0
942 _cKS
008 s pl f |000 0 pol
999 _c34738
_d34738
856 _uhttp://koha.tu.koszalin.pl/cgi-bin/koha/opac-detail.pl?biblionumber=34738
_yKatalog online BPK